Function of bibliography (Record no. 12)

MARC details
000 -LEADER
fixed length control field 00455nam a2200181Ia 4500
020 ## - INTERNATIONAL STANDARD BOOK NUMBER
ISBN 0-566-03440-9
082 ## - DEWEY DECIMAL CLASSIFICATION NUMBER
Classification number 010.01 STO-;
100 ## - MAIN ENTRY--AUTHOR NAME
Personal name Stokes, Roy
245 #0 - TITLE STATEMENT
Title Function of bibliography
250 ## - EDITION STATEMENT
Edition statement 2nd
260 ## - PUBLICATION, DISTRIBUTION, ETC. (IMPRINT)
Place of publication Hants
Name of publisher Gower Publishing
Year of publication 1969
300 ## - PHYSICAL DESCRIPTION
Number of Pages xi, 201p.
504 ## - BIBLIOGRAPHY, ETC. NOTE
Bibliography, etc Includes index
650 ## - SUBJECT ADDED ENTRY--TOPICAL TERM
Topical Term Bibliography - Study and teaching
650 ## - SUBJECT ADDED ENTRY--TOPICAL TERM
Topical Term Bibliographical literature
650 ## - SUBJECT ADDED ENTRY--TOPICAL TERM
Topical Term Bibliography - Methodology
942 ## - ADDED ENTRY ELEMENTS (KOHA)
Koha item type Books
Holdings
Withdrawn status Lost status Damaged status Not for loan Home library Current library Date acquired Full call number Accession Number Price effective from Koha item type Bill Date
        NASSDOC Library NASSDOC Library 08/06/2004 010.01 STO-; 1180 18/04/2019 Books  
        NASSDOC Library NASSDOC Library 08/06/2004 010.01 STO-; 15653 18/04/2019 Books 2004-10-22